000 00877nam a2200241Ia 4500
999 _c50473
_d50473
001 17421
003 GE_BSU
005 20200213123708.0
008 181216s2013ru xx |||||||||||||| ||rus||
010 _a9785865475163
040 _cGE_BSU
080 _a811.161.1 П-88
100 _aПухаева, Л.С.
_97035
245 _aРусский язык в мире экономики /
_cЛ.С. Пухаева ; Л.Н. Ольхова ; Ред. Л.С.Степанова.
250 _a4-е издание
264 _aСанкт-Петербург :
_bЗлатоуст,
_c2013.
300 _a116 стр.:
_c26см.
653 _aРусский язык в мире экономики
653 _aრუსული ენა
700 _aОльхова,Л.Н.
_97036
700 _aСтепанова, Л.С.
_eრედაქტორი
_97037
942 _cBK
_2udc